MARC

LEADER 00000nam0a2200000 4500
001 12269
005 20231030184158.0
010 |a 5901006577 
035 |a (RuTPU)RU\TPU\book\12345 
035 |a BOOK00012411 
090 |a 12269 
100 |a 20011209d1998 km y0rusy50 ca 
101 0 |a rus 
102 |a RU 
105 |a y z 000zy 
200 1 |a Социология перехода к рынку в России  |f Л. Я. Косалс, Р. В. Рывкина 
210 |a Москва  |c Эдиториал УРСС  |d 1998 
215 |a 368 с. 
610 1 |a экономика 
610 1 |a Россия 
610 1 |a переходная экономика 
610 1 |a экономические реформы 
610 1 |a рыночная экономика 
610 1 |a конфликтующее общество 
610 1 |a социальные группы 
686 |a У9(2)0-183  |v LBC/SL-A  |2 rubbk 
700 1 |a Косалс  |b Л. Я.  |g Леонид Янович 
701 1 |a Рывкина  |b Р. В.  |g Розалина Владимировна 
801 0 |a RU  |b 63413507  |c 20011209  |g PSBO 
801 2 |a RU  |b 63413507  |c 20120917  |g PSBO 
900 |a Экономика 
942 |c BK